000 00611nam a2200169 4500
001 120592
003 ES-MaACL
005 20230906191601.0
007 t|
008 070214q1975 sp r ||||1| spa d
100 1 _aPolaino-Lorente, A.
_992796
245 1 0 _aAlcance y validez de la metodología de las ciencias sociales aplicadas a la psicología /
_cA. Polaino-Lorente.
260 _aMadrid :
_b[s.n.],
_c[1975?]
300 _a13 h. ;
_c24 cm.
500 _aEs tirada aparte de la Revista de Psicología General y Aplicada, vol. XXX, números 133-134, año 1975.
852 _aES-MaACL
_j2130-F-5
_bR.105940
999 _c120592
_d120592